| 000 | 00450nam a22001577a 4500 | ||
|---|---|---|---|
| 999 |
_c17555 _d17555 |
||
| 003 | OSt | ||
| 005 | 20230331145146.0 | ||
| 008 | 221107b ||||| |||| 00| 0 eng d | ||
| 040 | _c0 | ||
| 100 |
_aPorcalla, Delon. _946666 |
||
| 245 |
_aHouse to probe Phivolcs' lack of warning on Taal / _cDelon Porcalla. |
||
| 260 |
_aPhilippines ; _cJanuary 15, 2020. _bThe Philippine Star, |
||
| 300 | _a1 page. | ||
| 650 |
_aVolcano. _946667 |
||
| 942 |
_2ddc _cPER |
||